Könyvtári törzsanyagjegyzék és olvasási tanácsadó a német irodalom köréből

Bibliographic Details
Main Author: Áts, Erika (Compiler)
Other Authors: Ember, Mária, 1931-2001 (Compiler), Horváth, Lóránd (Compiler)
Format: Book
Language:Hungarian
PhysicalDescription:326 s. 8°
Published: Budapest Országos Széchényi Könyvtár 1971

MARC

LEADER 00000nam a2200000 a 4500
001 vtls001156061
003 SK-MaSNL
005 20260331202905.0
008 210928s1971 HU 0 hun
035 |a SNK000098958 
040 |a SNK  |b slo  |c SNK  |e AACR2 
041 0 |a hun 
044 |a HU 
080 |a 017.1:027.4(439):0/9=3  |2 1981 
100 1 |a Áts, Erika  |4 zos  |9 378641 
245 0 |a Könyvtári törzsanyagjegyzék és olvasási tanácsadó a német irodalom köréből  |c Összeáll Erika Áts, Mária Ember, Lóránd Horváth 
260 |a Budapest  |b Országos Széchényi Könyvtár  |c 1971 
300 |a 326 s.  |c 8° 
500 |a Rozmn. 
700 1 |a Ember, Mária,  |d 1931-2001  |4 zos  |9 194604 
700 1 |a Horváth, Lóránd  |4 zos  |9 378642 
958 |a RK 
958 |a OND 
999 |c 623352  |d 625282 
952 |t P60, <04>, [BOOK], {604}  |a SNK  |b SNK  |y VYP  |7 0  |p 17A0370326  |o snkIC 49949 D1  |0 0  |1 1  |4 0  |d 2003-01-15  |l 0  |r 2005-01-01 00:00:00  |w 2026-02-23